000 00734cam a2200277 4500
001 J109656
008 000000n2000 000 0 eng u
035 _a(Sirsi) u109656
100 _aRao, Susheel
245 _aEcoHomes : the environmental rating for homes.
260 _aLondon
_bCRC Ltd
_c2000
300 _aiv, 19p. ; 30cm.
350 _a25.00
490 _aBR
_v389
650 _aENERGY EFFICIENCY
650 _aGREEN BUILDINGS
650 _aEnvironment
_96238
650 _aPOLLUTION
650 _aENVIRONMENTAL IMPACT ASSESSMENTS
650 _aECOHOMES
690 _aBUILT ENVIRONMENT
700 _aYates, Alan
700 _aBrownhill, Deborah
710 _aBuilding Research Establishment
942 _n0
999 _c100965
_d100965